|
|
|
|
| LEADER |
00000nam0a2200000 4500 |
| 001 |
325094 |
| 005 |
20231102003730.0 |
| 035 |
|
|
|a (RuTPU)RU\TPU\book\350705
|
| 035 |
|
|
|a RU\TPU\book\61318
|
| 090 |
|
|
|a 325094
|
| 100 |
|
|
|a 20161128d1980 m y0rusy50 ca
|
| 101 |
0 |
|
|a rus
|
| 102 |
|
|
|a RU
|
| 105 |
|
|
|a a z 001zy
|
| 200 |
1 |
|
|a Ближний и дальний прием телевидения
|f А. А. Шур
|
| 210 |
|
|
|a Москва
|c Энергия
|d 1980
|
| 215 |
|
|
|a 80 с.
|c ил.
|
| 225 |
1 |
|
|a Массовая радиобиблиотека
|v Вып. 1004
|
| 320 |
|
|
|a Список литературы: с. 79
|
| 606 |
1 |
|
|a Телевизионные сигналы
|x Прием
|2 stltpush
|3 (RuTPU)RU\TPU\subj\59179
|9 76744
|
| 610 |
1 |
|
|a телевидение
|
| 610 |
1 |
|
|a телевизионные приемники
|
| 610 |
1 |
|
|a телевизионное вещание
|
| 610 |
1 |
|
|a дальний прием
|
| 610 |
1 |
|
|a телевизионные антенны
|
| 675 |
|
|
|a 621.397.13
|v 4
|
| 700 |
|
1 |
|a Шур
|b А. А.
|g Анатолий Абелевич
|
| 801 |
|
1 |
|a RU
|b 63413507
|c 20031121
|g PSBO
|
| 801 |
|
2 |
|a RU
|b 63413507
|c 20171205
|g PSBO
|
| 942 |
|
|
|c BK
|